| Tag |
First Indicator |
Second Indicator |
Subfields |
| LEADER |
00000cam a2200000 4500 |
| 001 |
in00000336409 |
| 005 |
20151011051802.0 |
| 008 |
740617s1955 nyu 00000 eng |
| 010 |
|
|
|a 55013768
|
| 035 |
|
|
|a (OCoLC)00920431
|
| 035 |
|
|
|9 ABL0724AM
|
| 040 |
|
|
|c SNN
|d TXA
|d UtOrBLW
|
| 049 |
|
|
|a TXAM
|c 1 [423279], 2 [263583], 3 [A11066927]
|
| 050 |
|
0 |
|a QC6
|b .B6835 1955
|
| 082 |
0 |
|
|a 530.1
|
| 100 |
1 |
|
|a Bridgman, P. W.
|q (Percy Williams),
|d 1882-1961.
|
| 245 |
1 |
0 |
|a Reflections of a physicist.
|
| 250 |
|
|
|a [2nd ed.].
|
| 264 |
|
1 |
|a New York :
|b Philosophical Library,
|c [1955]
|
| 300 |
|
|
|a xiv, 576 pages ;
|c 22 cm.
|
| 336 |
|
|
|a text
|b txt
|2 rdacontent
|
| 337 |
|
|
|a unmediated
|b n
|2 rdamedia
|
| 338 |
|
|
|a volume
|b nc
|2 rdacarrier
|
| 650 |
|
0 |
|a Physics
|x Philosophy.
|
| 999 |
|
|
|a MARS
|
| 999 |
f |
f |
|s e2de155d-37d7-3611-8954-e4d939723af1
|i 91abc26d-7339-3e92-b3ea-02cfd0e6bf63
|t 0
|
| 952 |
f |
f |
|p ric
|a Texas A&M University
|b Rellis Campus
|c Joint Library Facility
|s JLF
|d Remote Storage
|t 0
|e QC6 .B6835 1955
|h Library of Congress classification
|i unmediated -- volume
|m A14811066927
|
| 998 |
f |
f |
|a QC6 .B6835 1955
|t 0
|l Remote Storage
|